|
|
|
|
| LEADER |
00691nam a22001931a 4500 |
| 020 |
|
|
|c 0.00
|
| 040 |
|
|
|a SSUS - Library - Kalady
|
| 082 |
|
|
|a M 894.812 092
|b RAG/M
|
| 100 |
|
|
|a Raghavakurup Kannampallil K K
|
| 245 |
|
|
|a Mahakavi Sakthi Bhadran (part.1)
|h [Text]
|
| 260 |
|
|
|a Kaippattor
|b Raghavakurup KK
|c 1974
|
| 300 |
|
|
|a 188p.
|
| 600 |
|
|
|a Biography
|
| 600 |
|
|
|a Biography Sakthi Bhadran
|
| 600 |
|
|
|a Biography Writers Malayalam
|
| 852 |
|
|
|h M 894.812 092
|i RAG/M
|p 012457
|9 8.00
|t 0
|
| 942 |
|
|
|c BK
|
| 999 |
|
|
|c 26711
|d 26711
|
| 952 |
|
|
|0 0
|1 0
|4 0
|6 M_894_812000000000000_092_RAG_M
|7 0
|9 38383
|a SSUS
|b SSUS
|d 2015-01-08
|g 8.00
|l 3
|m 1
|o M 894.812 092 RAG/M
|p 012457
|r 2020-12-04
|s 2020-12-02
|v 0.00
|w 2015-01-08
|y BK
|